Statistics for Countries With The Lowest Cost Of Living

Click here to take the quiz!

General Stats

  • This quiz has been taken 35 times
  • The average score is 28 of 50

Answer Stats

IndexCountry% Correct
17.78Pakistan
84%
23.89India
81%
30.01Nigeria
81%
25.08Algeria
77%
29.71Morocco
74%
26.17Egypt
71%
32.20Indonesia
71%
26.18Nepal
71%
25.37Colombia
68%
31.92Iraq
68%
25.48Tunisia
68%
35.59Vietnam
68%
29.28Bangladesh
65%
31.95Somalia
65%
24.60Libya
61%
34.64Malaysia
61%
25.80Syria
61%
26.30Uzbekistan
61%
26.45Kazakhstan
58%
35.46Mexico
58%
32.57Myanmar
58%
30.82Peru
58%
33.35Serbia
58%
33.60Albania
55%
28.33Azerbaijan
55%
26.39Belarus
55%
33.36Kenya
55%
25.23Kosovo
55%
33.62Philippines
55%
30.70Ukraine
55%
32.24Bosnia and Herzegovina
52%
28.51North Macedonia
52%
28.38Turkey
52%
33.14Bolivia
48%
34.85Georgia
48%
29.29Ghana
48%
33.69Mongolia
48%
34.74Montenegro
48%
31.81Uganda
48%
25.83Kyrgyzstan
45%
30.74Paraguay
45%
31.41Rwanda
45%
22.21Sri Lanka
45%
30.13Tanzania
45%
34.41Hungary
42%
34.93Romania
42%
28.92Moldova
39%
35.06Poland
39%
32.50Cameroon
35%
35.14Namibia
35%

Score Distribution

Percentile by Number Answered

Percent of People with Each Score

Your Score History

You have not taken this quiz